Nombres de pila por imagen A - Z - Estadísticas

Estadísticas generales
  • Esta prueba ha sido intentada 40 veces
  • La puntuación promedio es 19 de 26
Estadísticas de respuestas
Imagen Hint Respuesta % Correcto
D Diego
100%
F Frida
100%
I Iker
97%
V Vincent
97%
X Xavi
97%
N Nicolás
95%
J Javier
92%
H Hugo
84%
L Letizia
84%
M Miguel
84%
P Penélope
84%
A Ana
78%
U Úrsula
78%
K Kobe
76%
Y Yolanda
76%
O Óscar
70%
C Carlos
68%
Q Quentin
68%
R Ricardo
62%
W Winston
59%
Z Zoe
59%
S Simón
46%
E Eva
38%
T Thalía
38%
G Gustavo
35%
B Benito
27%
No se encontraron pruebas coincidentes
Distribución de puntuación
Porcentaje de gente con cada puntuación
Porcentaje por número respondido
Historial de tus puntuaciones
No has intentado esta prueba.